Statistics for Things you should know about Switzerland

Click here to take the quiz!

General Stats

  • This quiz has been taken 810 times
  • The average score is 13 of 15

Answer Stats

HintAnswer% Correct
Official language of Switzerland 2French
98%
Official language of Switzerland 1German
98%
Capital of SwitzerlandBern
97%
Official language of Switzerland 3Italian
97%
City that is home to the UN Human Rights CouncilGeneva
90%
Swiss tennis legendRoger Federer
89%
Switzerland's most famous mountainMatterhorn
88%
Largest luxury watch brand in the worldRolex
88%
Largest food company in the world based in VeveyNestlé
85%
Tiny state bordering SwitzerlandLiechtenstein
83%
Major Swiss BankUBS
82%
Humanitarian organization founded by Henry DunantRed Cross
79%
Official language of Switzerland 4 (tricky)Romansh
77%
Swiss city that was home to the Dada movementZurich
68%
Political system of SwitzerlandFederalism
33%

Score Distribution

Percentile by Number Answered

Percent of People with Each Score

Your Score History

You have not taken this quiz